| 000 | 00327nam a22001337a 4500 | ||
|---|---|---|---|
| 003 | SGT | ||
| 020 | _a09726586 | ||
| 082 | _a200,SIN | ||
| 100 | _aSINGH, T.D. | ||
| 245 | _aSAVIJNAM SCIENTIFIC EXPLORATION FOR A SPIRITUALPARADIGM VOL. -1 | ||
| 260 |
_aKOLKATA _bBHAKTIVEDANTA INSTITUTE _c2005 |
||
| 300 | _a76 | ||
| 942 |
_2ddc _cBK |
||
| 999 |
_c23399 _d23399 |
||